Global Cuisine by Images - S - Statistics

General Stats
  • This quiz has been taken 66 times
  • The average score is 4 of 16
Answer Stats
Picture Answer % Correct
Sushi
98%
Sorbet
79%
Schnitzel
75%
Souffle
66%
Shawarma
30%
Shakshouka
25%
Sticky Toffee Pudding
21%
Shrimp and Grits
13%
Saganaki
11%
Shrikhand
4%
Syrniki
4%
Smorrebrod
2%
Struffoli
2%
Salmorejo
0%
Sekerpare
0%
Svekolnik
0%
No matching quizzes found
Score Distribution
Percent of People with Each Score
Percentile by Number Answered
Your Score History
You have not taken this quiz